Carry on Acting... - Statistics

General Stats
  • This quiz has been taken 51 times
  • The average score is 11 of 15
Answer Stats
Actor/No of Carry On films Answer % Correct
KW 25 Kenneth Williams
100%
SJ 19 Sid James
94%
BW 10 Barbara Windsor
89%
BB 14 Bernard Bresslaw
83%
CH 23 Charles Hawtrey
80%
JS 24 Joan Sims
80%
KC 17 Kenneth Connor
80%
HJ 14 Hattie Jacques
77%
JD 11 Jim Dale
77%
PB 16 Peter Butterworth
66%
TS 7 Terry Scott
63%
JW 4 June Whitfield
60%
JD 8 Jack Douglas
46%
LP 4 Leslie Phillips
43%
PR 9 Patsy Rowlands
34%
No matching quizzes found
Score Distribution
Percent of People with Each Score
Percentile by Number Answered
Your Score History
You have not taken this quiz